000 00456nam a2200157 4500
001 139154
003 ES-MaACL
005 20230906195719.0
007 t|
008 070214s1966 sp r ||||1| cat d
100 1 _aSargatal, Alfred.
_9103806
245 1 0 _aRetalls del diari d'un adolescent
_b: (poemes) /
_cAlfred Sargatal.
260 _aOlot (Gerona) :
_bCasula,
_c1966.
300 _a42 p., 3 lám. ;
_c32 cm.
852 _aES-MaACL
_jC-33373
_bR.63321
999 _c139154
_d139154